000 00512nam a2200157 4500
008 170120b xxu||||| |||| 00| 0 eng d
022 _a 0893-8989
082 _aDPer 363.205 P75 May-Dec 2015 V. 39
100 _918409
_aMurgado, Amaury
245 _aHostage held in barricaded/
_cAmaury Murgado.
260 _aCalifornia:
_bBobit Business Media,
_cc2015.
300 _av39 n6, page 20;
_c28 cm.
500 _aPolice: the law enforcement magazine.
650 0 _918410
_aHostage negotiation
942 _2ddc
_cPER
999 _c6072
_d6072